Fisherian and Ricardian Trade

Guardado en:
Detalles Bibliográficos
Autor principal: Sinn, Stefan
Formato: Libro
Lenguaje:inglés
Publicado: Kiel Institut für Weltwirtschaft 1991
Edición:1. ed.
Colección:Working Paper No.484
Etiquetas: Agregar Etiqueta
Sin Etiquetas, Sea el primero en etiquetar este registro!

MARC

LEADER 00000nam a2200000 4500
001 c032253
005 20221214093611.0
041 0 |a eng 
044 |a DE 
245 1 0 |a Fisherian and Ricardian Trade  |c Stefan Sinn 
250 |a 1. ed. 
264 1 |a Kiel  |b Institut für Weltwirtschaft  |c 1991 
300 |a 29 s. 
490 1 |a Working Paper  |v No.484 
830 0 |a Working Paper  |v No.484 
100 1 |a Sinn, Stefan